AK’s General Knowledge A-Z #29 - Statistics

General Stats
  • This quiz has been taken 551 times
  • The average score is 17 of 26
Answer Stats
Hint Answer % Correct
B – colour of billiard (pool) ball number 2 Blue
98%
M – not April, but a U.K. Prime Minister May
91%
J – first name of American singer Legend (“All of Me”) John
89%
A – fear of spiders Arachnophobia
88%
E – secret agent Johnny, or language that has about one million words, but the average speaker only knows about 25,000 English
87%
H – tropical cyclone in the Northern Atlantic and Eastern Pacific basins, equivalent to typhoon Hurricane
86%
S – messaging app launched in 2011 where pictures and messages are usually only available for a short time Snapchat
86%
Q – a hard, crystalline mineral composed of silicon-oxygen tetrahedra Quartz
85%
Y – American television soap opera The _____ and the Restless Young
81%
R – belief in and worship of a supernatural controlling power, or what R.E.M. is losing Religion
78%
W – a chain is only as strong as its _______ ____ Weakest link
75%
K – one nautical mile per hour, or what Alexander allegedly opened with a sword Knot
73%
O – comedy film A Night at the _____ with the Marx Brothers Opera
71%
V – country that was formed in 1976 when two former countries merged Vietnam
66%
N – a grappling hold in wrestling, or someone who should have mixed feelings about Trafalgar Nelson
61%
T – railway-themed board game “______ to Ride” Ticket
61%
U – Harriet Beecher Stowe’s best-known novel _____ ___’s Cabin Uncle Tom
60%
L – is “gelijk” in Dutch, or a thumbs-up sign in, well, almost everywhere Like
56%
D – the largest city outside Japan and China Delhi
50%
G – Disko Island (Qeqertarsuaq) is the second largest island of _________ Greenland
48%
P – spent 24 years on the road (visiting China, etc.), got back home, joined a war, was imprisoned, and dictated his stories to a cellmate (who produced a bestseller) Marco Polo
48%
F – a bird, or 12-year-old criminal mastermind Artemis Fowl
45%
X – Windows operating system released in 2001 XP
39%
C – a vehicle drawn by horses, or what Mr. Miyagi did to Karate Kid Coach
35%
I – the family in Little House on the Prairie Ingalls
29%
Z – a Soviet spy satellite, or a football (soccer) club from Saint Petersburg Zenit
29%
No matching quizzes found
Score Distribution
Percent of People with Each Score
Percentile by Number Answered
Your Score History
You have not taken this quiz